Kisah seorang zahid (Record no. 1814)

MARC details
000 -LEADER
fixed length control field 00637nam a2200241 i 4500
001 - CONTROL NUMBER
control field C2-0006033
003 - CONTROL NUMBER IDENTIFIER
control field PPAK
005 - DATE AND TIME OF LATEST TRANSACTION
control field 20190630221841.0
008 - FIXED-LENGTH DATA ELEMENTS--GENERAL INFORMATION
fixed length control field 970122s1992 my |||| ||||| | may d
020 ## - INTERNATIONAL STANDARD BOOK NUMBER
International Standard Book Number 9836227881
040 ## - CATALOGING SOURCE
Original cataloging agency PPAK
Language of cataloging eng
Transcribing agency PPAK
Description conventions rda
082 04 - DEWEY DECIMAL CLASSIFICATION NUMBER
Classification number 899.23301
Edition number 23
090 00 - LOCALLY ASSIGNED LC-TYPE CALL NUMBER (OCLC); LOCAL CALL NUMBER (RLIN)
Classification number (OCLC) (R) ; Classification number, CALL (RLIN) (NR) 899.23301
Feature heading JOH
Feature heading G
100 0# - MAIN ENTRY--PERSONAL NAME
Personal name Johar Buang,
Relator term author
245 10 - TITLE STATEMENT
Title Kisah seorang zahid
264 #1 - PRODUCTION, PUBLICATION, DISTRIBUTION, MANUFACTURE, AND COPYRIGHT NOTICE
Place of production, publication, distribution, manufacture Kuala Lumpur :
Name of producer, publisher, distributor, manufacturer Dewan Bahasa dan Pustaka ,
Date of production, publication, distribution, manufacture, or copyright notice 1992
300 ## - PHYSICAL DESCRIPTION
Extent 140 pages ;
Dimensions 18 cm
336 ## - CONTENT TYPE
Source rdacontent
Content type term text
337 ## - MEDIA TYPE
Source rdamedia
Media type term unmediated
338 ## - CARRIER TYPE
Source rdacarrier
Carrier type term volume
650 10 - SUBJECT ADDED ENTRY--TOPICAL TERM
Topical term or geographic name entry element Malay fiction
942 ## - ADDED ENTRY ELEMENTS (KOHA)
-- dc
Koha item type Book
Holdings
Withdrawn Not for loan Current library Shelving location Date acquired Full call number Barcode Date last seen Koha item type
    Perpustakaan Alor Setar Pinjaman Dewasa 07/07/1997 899.23301 JOH A00020751 08/05/2018 Book
    Perpustakaan Awam Sungai Petani Pinjaman Dewasa 15/02/2004 899.23301 JOH A00418886 08/05/2018 Book
    Perpustakaan Jitra Pinjaman Dewasa 26/02/2004 899.23301 JOH A00844722 08/05/2018 Book
    Perpustakaan Kulim Pinjaman Dewasa 17/12/2003 899.23301 JOH A00326037 08/05/2018 Book
    Perpustakaan Langkawi Pinjaman Dewasa 15/08/2005 899.23301 JOH A00353264 08/05/2018 Book
    Perpustakaan Langkawi Pinjaman Dewasa 11/08/2005 899.23301 JOH A00353078 08/05/2018 Book